[Event "WYCC 2018 O14"]
[Site "Halkidiki"]
[Date "2018.10.24"]
[Round "6"]
[White "Boyer, Mahel"]
[Black "Manucharyan, Gagik"]
[Result "1-0"]
[WhiteElo "2227"]
[BlackElo "1827"]
[Annotator "NA"]
[PlyCount "71"]
[EventDate "2018.10.20"]
[EventType "swiss"]
[EventCountry "GRE"]
[SourceTitle "playchess.com"]
[Source "ChessBase"]
[SourceQuality "1"]
[TimeControl "40/5400+30:1800+30"]

1. e4 {[%emt 0:03:09]} c5 {[%emt 0:00:01]} 2. d3 {[%emt 0:00:05]} Nc6 {[%emt 0:01:24]} 3. g3 {[%emt 0:00:01]} g6 {[%emt 0:01:39]} 4. Bg2 {[%emt 0:00:02]} Bg7 {[%emt 0:01:05]} 5. f4 {[%emt 0:00:01]} e6 {[%emt 0:00:38]} 6. Nf3 {[%emt 0:00:01]} Nge7 {[%emt 0:00:52]} 7. O-O {[%emt 0:00:02]} O-O {[%emt 0:02:03]} 8. c3 {[%emt 0:00:09]} d6 {[%emt 0:02:55]} 9. Be3 {[%emt 0:00:05]} Rb8 {[%emt 0:01:09]} 10. d4 {[%emt 0:00:05]} cxd4 {[%emt 0:02:10]} 11. cxd4 {[%emt 0:00:01]} d5 {[%emt 0:00:59] B20: Sicilian: Unusual White 2nd moves} 12. e5 {[%emt 0:00:01]} b6 {[%emt 0:05:04]} (12... Qb6 13. Qd2 Qb4 14. Nc3 Na5 15. b3 Bd7 16. Rac1 Rfc8 17. g4 Rc6 18. Qe1 Rbc8 19. Bd2 {1-0 (42) Movsziszian,K (2556)-Larino Nieto,D (2464) La Roda 2009}) 13. Nc3 {[%emt 0:00:03]} Ba6 {[%emt 0:00:27]} 14. Re1 {[%emt 0:00:00]} Qd7 {[%emt 0:03:57]} 15. Qd2 {[%emt 0:00:05]} Rfc8 {[%emt 0:04:22]} 16. g4 {[%emt 0:00:08]} Na5 {[%emt 0:06:27]} 17. b3 {[%emt 0:00:24]} Rc7 $146 {[%emt 0:04:57]} ({Predecessor:} 17... Rc6 18. Rec1 Rbc8 19. Bf1 Bxf1 20. Kxf1 {½-½ (74) Biti,O (2295)-Filipovic,B (2446) Zagreb 2002}) 18. Rac1 {[%emt 0:00:07]} Rbc8 {[%emt 0:00:05]} 19. Bf2 {[%emt 0:00:41]} Rc6 {[%emt 0:17:02]} 20. Bf1 {[%emt 0:05:17]} Bxf1 {[%emt 0:00:43]} 21. Rxf1 {[%emt 0:00:00]} R8c7 {[%emt 0:11:51]} 22. Bh4 {[%emt 0:00:23]} Qc8 {[%emt 0:03:11]} 23. Bxe7 {[%emt 0:04:44]} Rxc3 {[%emt 0:05:35]} 24. Rxc3 {[%emt 0:00:01]} Rxc3 {[%emt 0:00:49]} 25. f5 {[%emt 0:23:38]} (25. Bc5 $14 Rc4 26. bxc4 Nxc4 27. Qd3 bxc5 28. Nd2) 25... Rc2 {[%emt 0:04:19]} 26. Qf4 {[%emt 0:03:39]} exf5 {[%emt 0:00:40]} 27. Nh4 {[%emt 0:10:45]} Qe6 {[%emt 0:08:03]} 28. gxf5 $19 {[%emt 0:00:23]} Qxe7 {[%emt 0:00:03]} 29. f6 {[%emt 0:00:08]} Qe6 {[%emt 0:05:23]} 30. fxg7 {[%emt 0:00:02]} Kxg7 {[%emt 0:00:15]} 31. Qg5 {[%emt 0:00:19]} Kf8 {[%emt 0:00:24]} 32. Rf6 {[%emt 0:04:12]} Qh3 {[%emt 0:02:13]} 33. Qf4 {[%emt 0:01:19]} Kg8 {[%emt 0:04:22]} 34. e6 {[%emt 0:00:33]} Rc1+ {[%emt 0:01:13]} 35. Qxc1 {[%emt 0:00:24]} Qg4+ {[%emt 0:00:04]} 36. Kh1 {[%emt 0:00:28]} 1-0

[Event "WYCC 2018 O14"]
[Site "Halkidiki"]
[Date "2018.10.24"]
[Round "6"]
[White "Czopor, Maciej"]
[Black "Huang, Renjie"]
[Result "0-1"]
[WhiteElo "2219"]
[BlackElo "2322"]
[Annotator "NA"]
[PlyCount "82"]
[EventDate "2018.10.20"]
[EventType "swiss"]
[EventCountry "GRE"]
[SourceTitle "playchess.com"]
[Source "ChessBase"]
[SourceQuality "1"]
[TimeControl "40/5400+30:1800+30"]

1. e4 {[%emt 0:00:00]} c5 {[%emt 0:00:00]} 2. Nf3 {[%emt 0:00:00]} g6 {[%emt 0:00:00]} 3. d4 {[%emt 0:00:00]} cxd4 {[%emt 0:00:00]} 4. Nxd4 {[%emt 0:00:08]} Bg7 {[%emt 0:00:00]} 5. Nc3 {[%emt 0:00:26]} Nc6 {[%emt 0:00:01]} 6. Be3 {[%emt 0:00:39]} Nf6 {[%emt 0:00:13]} 7. Bc4 {[%emt 0:01:46]} O-O {[%emt 0:00:11]} 8. Bb3 {[%emt 0:00:49]} a5 {[%emt 0:00:17]} 9. O-O {[%emt 0:02:16]} a4 {[%emt 0:00:26]} 10. Nxa4 {[%emt 0:01:18]} Nxe4 {[%emt 0:00:08]} 11. Nb5 {[%emt 0:01:37]} Ra6 {[%emt 0:00:29] B35: Sicilian: Accelerated Dragon with 5 Nc3: main line} 12. c4 {[%emt 0:01:35]} (12. f3 Nf6 13. c4 d6 14. Nac3 Na5 15. Rc1 Be6 16. Ne2 d5 17. c5 Nxb3 18. axb3 Bd7 19. Nbc3 {1-0 (36) Almasi,Z (2689)-Istratescu,A (2602) Bastia 2015}) 12... d6 {[%emt 0:00:51]} 13. Qe2 {[%emt 0:02:12]} Nf6 {[%emt 0:00:19]} 14. Rfd1 {[%emt 0:04:43]} Bg4 {[%emt 0:15:05]} 15. f3 {[%emt 0:00:42]} Bd7 {[%emt 0:00:03]} 16. Qf2 $146 {[%emt 0:21:22]} (16. a3 $16) ({Predecessor:} 16. Nac3 Re8 17. a3 Qb8 18. Rac1 Ne5 19. Nd5 {0-1 (53) Balogh,C (2471)-Wirig,A (2347) Pula 2003}) 16... Na5 {[%emt 0:08:23]} 17. Bb6 {[%emt 0:12:05]} Qc8 {[%emt 0:03:21]} 18. Rac1 {[%emt 0:11:53]} Nxb3 {[%emt 0:05:08]} 19. axb3 {[%emt 0:00:13]} Bc6 {[%emt 0:14:22]} 20. Re1 {[%emt 0:10:39]} Nd7 {[%emt 0:04:37]} 21. Bd4 {[%emt 0:02:05]} Ne5 $11 {[%emt 0:02:49]} 22. Rc3 {[%emt 0:03:43]} Qd7 {[%emt 0:05:32]} 23. Nb6 {[%emt 0:02:42]} Qf5 {[%emt 0:01:01]} 24. Nc7 {[%emt 0:02:19]} Rxb6 {[%emt 0:02:58]} 25. Bxb6 {[%emt 0:01:06]} Nd3 {[%emt 0:00:05]} 26. Rxd3 {[%emt 0:01:23]} Qxd3 {[%emt 0:00:04]} 27. Qe3 {[%emt 0:03:08]} Qc2 {[%emt 0:02:14]} 28. Re2 {[%emt 0:01:28]} Qb1+ {[%emt 0:00:39]} 29. Kf2 {[%emt 0:00:26]} Bxb2 {[%emt 0:02:45]} 30. Qxe7 {[%emt 0:05:47]} Be5 {[%emt 0:01:00]} 31. Rxe5 {[%emt 0:01:01]} dxe5 {[%emt 0:02:30]} 32. Qxe5 {[%emt 0:01:10]} Qf5 {[%emt 0:03:37]} 33. Qxf5 {[%emt 0:03:28]} gxf5 {[%emt 0:00:02]} 34. b4 {[%emt 0:00:11]} f6 {[%emt 0:00:46]} 35. b5 {[%emt 0:01:14]} Bd7 {[%emt 0:00:10]} 36. Bc5 {[%emt 0:00:46]} Rc8 {[%emt 0:00:51]} 37. b6 {[%emt 0:01:15]} Be6 {[%emt 0:02:46]} 38. Be7 {[%emt 0:00:53]} Kf7 {[%emt 0:00:29]} 39. c5 {[%emt 0:00:30]} Kxe7 {[%emt 0:00:30]} 40. c6 {[%emt 0:00:00]} Rxc7 {[%emt 0:00:00]} 41. bxc7 {[%emt 0:00:28]} bxc6 {[%emt 0:00:33]} 0-1

[Event "WYCC 2018 O14"]
[Site "Halkidiki"]
[Date "2018.10.24"]
[Round "6"]
[White "Turcan, Richard"]
[Black "Dabarera, G W D M"]
[Result "1/2-1/2"]
[WhiteElo "2218"]
[BlackElo "1768"]
[Annotator "NA"]
[PlyCount "52"]
[EventDate "2018.10.20"]
[EventType "swiss"]
[EventCountry "GRE"]
[SourceTitle "playchess.com"]
[Source "ChessBase"]
[SourceQuality "1"]
[TimeControl "40/5400+30:1800+30"]

1. e4 {[%emt 0:00:00]} c5 {[%emt 0:00:00]} 2. Nf3 {[%emt 0:00:00]} d6 {[%emt 0:00:00]} 3. d4 {[%emt 0:00:04]} cxd4 {[%emt 0:00:00]} 4. Nxd4 {[%emt 0:00:06]} Nf6 {[%emt 0:00:00]} 5. Nc3 {[%emt 0:00:04]} Nc6 {[%emt 0:00:00]} 6. Bg5 {[%emt 0:01:08]} g6 {[%emt 0:00:03]} 7. Bxf6 {[%emt 0:09:39] LiveBook: 109 Games} exf6 {[%emt 0:00:02]} 8. Be2 {[%emt 0:01:07] B60: Sicilian: Richter-Rauzer: Unusual Black 6th moves and 6...Bd7 without 7 Qd2} (8. Bb5 Bd7 9. Bc4 Bg7 10. Nxc6 Bxc6 11. O-O O-O 12. Qd3 Rc8 13. Bb3 f5 14. exf5 Bxc3 15. bxc3 Qg5 {½-½ (61) Motylev,A (2677)-Potkin,V (2684) Wijk aan Zee 2012}) 8... Bg7 {[%emt 0:00:05]} 9. O-O {[%emt 0:03:13]} O-O {[%emt 0:00:06]} 10. Nb3 $146 {[%emt 0:01:30]} ({Predecessor:} 10. Ndb5 f5 11. Nxd6 Bxc3 12. bxc3 fxe4 13. Nxe4 Qe7 14. Bd3 b6 15. Qf3 Bb7 {1-0 (30) Pogonina,N (2501)-Romanko,M (2226) Moscow 2009}) 10... f5 {[%emt 0:01:19]} 11. exf5 {[%emt 0:11:40]} Bxf5 {[%emt 0:00:59]} 12. Bf3 {[%emt 0:04:08]} Rb8 {[%emt 0:02:57]} 13. Re1 {[%emt 0:19:06]} Ne5 {[%emt 0:20:19]} 14. Nd4 {[%emt 0:02:31]} Bd7 {[%emt 0:07:17]} 15. h3 {[%emt 0:10:22]} Qb6 {[%emt 0:04:12]} 16. Nb3 {[%emt 0:01:27]} Nxf3+ {[%emt 0:02:38]} 17. Qxf3 {[%emt 0:01:04]} Bc6 {[%emt 0:00:08]} 18. Qd3 {[%emt 0:05:46]} Rbd8 {[%emt 0:03:40]} 19. a4 {[%emt 0:06:09]} d5 {[%emt 0:01:32]} 20. a5 {[%emt 0:00:47]} Qb4 {[%emt 0:01:27]} 21. a6 $17 {[%emt 0:05:22]} b6 {[%emt 0:02:20]} 22. Qg3 {[%emt 0:01:28]} d4 {[%emt 0:01:28]} 23. Na2 {[%emt 0:02:00]} Qc4 {[%emt 0:01:17]} 24. Qd3 {[%emt 0:00:50]} Qd5 {[%emt 0:01:30]} 25. Qg3 {[%emt 0:00:55]} Qc4 {[%emt 0:00:28]} 26. Qd3 {[%emt 0:00:24]} Qd5 1/2-1/2

[Event "WYCC 2018 O14"]
[Site "Halkidiki"]
[Date "2018.10.24"]
[Round "6"]
[White "Tengis, Tsog-Ochir"]
[Black "Stoyanov, Tsvetan"]
[Result "1-0"]
[WhiteElo "2205"]
[BlackElo "2340"]
[Annotator "NA"]
[PlyCount "51"]
[EventDate "2018.10.20"]
[EventType "swiss"]
[EventCountry "GRE"]
[SourceTitle "playchess.com"]
[Source "ChessBase"]
[SourceQuality "1"]
[TimeControl "40/5400+30:1800+30"]

1. d4 {[%emt 0:00:00]} Nf6 {[%emt 0:00:00]} 2. g3 {[%emt 0:00:00]} e6 {[%emt 0:00:07]} 3. Bg2 {[%emt 0:00:00]} d5 {[%emt 0:00:16]} 4. Nf3 {[%emt 0:00:19]} b5 {[%emt 0:00:16]} 5. O-O {[%emt 0:00:26]} Nbd7 {[%emt 0:00:27] A46: 1 d4 Nf6 2 Nf3 e6: Torre, London and Colle Systems} (5... Be7 6. Nbd2 O-O 7. Ne5 Bb7 8. Nb3 a5 9. a4 b4 10. c4 bxc3 {½-½ (10) Hera,I (2620)-Piorun,K (2633) Brest 2018}) 6. Ne5 {[%emt 0:00:58]} Bb7 {[%emt 0:00:27]} 7. a4 {[%emt 0:03:12]} b4 {[%emt 0:15:10]} 8. a5 {[%emt 0:00:02] LiveBook: 4 Games} Rb8 {[%emt 0:14:46]} 9. c4 $146 {[%emt 0:00:50]} ({Predecessor:} 9. f4 c5 10. f5 cxd4 11. Bf4 Rc8 12. Bh3 Nc5 13. Qxd4 {0-1 (30) Gaya Llodra,J (2257)-Libiszewski,F (2487) Palma de Mallorca 2008}) 9... bxc3 {[%emt 0:02:24]} 10. Nxc3 {[%emt 0:03:34]} Nxe5 {[%emt 0:04:58]} 11. dxe5 {[%emt 0:00:04]} Nd7 {[%emt 0:00:31]} 12. e4 {[%emt 0:00:58]} c6 {[%emt 0:09:36]} 13. Be3 {[%emt 0:03:48]} Ba6 {[%emt 0:09:23]} 14. Re1 {[%emt 0:02:15]} Bc5 {[%emt 0:02:39]} 15. exd5 {[%emt 0:05:15]} cxd5 {[%emt 0:01:01]} 16. Nxd5 {[%emt 0:03:05]} exd5 {[%emt 0:24:40]} 17. e6 {[%emt 0:03:32]} fxe6 {[%emt 0:01:03]} 18. Bxd5 {[%emt 0:07:35]} Bb4 {[%emt 0:03:17]} 19. Bd2 {[%emt 0:05:53]} Nc5 {[%emt 0:02:15]} 20. Qh5+ {[%emt 0:03:01]} Kd7 {[%emt 0:04:31] [#]} 21. Bxe6+ $18 {[%emt 0:04:42]} Kc6 {[%emt 0:00:52]} 22. Qf3+ {[%emt 0:01:10]} Kb5 {[%emt 0:00:00]} 23. Bxb4 {[%emt 0:00:57]} Nd3 {[%emt 0:01:20]} 24. Qf5+ {[%emt 0:00:49]} Kxb4 {[%emt 0:01:00]} 25. Re4+ {[%emt 0:00:02]} Bc4 {[%emt 0:00:07]} 26. Rxc4+ {[%emt 0:00:29]} 1-0

[Event "WYCC 2018 O14"]
[Site "Halkidiki"]
[Date "2018.10.24"]
[Round "6"]
[White "Van Dael, Siem"]
[Black "Ghazaryan, Raffi"]
[Result "1-0"]
[WhiteElo "2202"]
[BlackElo "1916"]
[Annotator "NA"]
[PlyCount "69"]
[EventDate "2018.10.20"]
[EventType "swiss"]
[EventCountry "GRE"]
[SourceTitle "playchess.com"]
[Source "ChessBase"]
[SourceQuality "1"]
[TimeControl "40/5400+30:1800+30"]

1. e4 c6 {[%emt 0:00:00]} 2. d4 {[%emt 0:00:00]} d5 {[%emt 0:00:21]} 3. Nd2 {[%emt 0:00:00]} dxe4 {[%emt 0:00:06]} 4. Nxe4 {[%emt 0:00:00]} Nd7 {[%emt 0:00:46]} 5. Bc4 {[%emt 0:00:02]} Ngf6 {[%emt 0:05:21]} 6. Ng5 {[%emt 0:00:47]} e6 {[%emt 0:00:30]} 7. Qe2 {[%emt 0:00:05]} Nb6 {[%emt 0:04:51]} 8. Bd3 {[%emt 0:00:05]} h6 {[%emt 0:06:58] LiveBook: 618 Games} 9. N5f3 {[%emt 0:00:21]} Bd6 {[%emt 0:02:43] B17: Caro-Kann: Modern Line (4...Nd7)} (9... c5 10. dxc5 Bxc5 11. Ne5 Nbd7 12. Ngf3 Qc7 13. O-O O-O 14. Bf4 Bd6 15. Rfe1 Nxe5 16. Bxe5 Bxe5 17. Qxe5 Qxe5 18. Nxe5 Rd8 19. Rad1 Bd7 20. f3 Be8 21. c4 Kf8 22. Kf2 a5 23. b3 {½-½ (41) Duda,J (2652)-Wojtaszek,R (2713) Poznan 2016}) 10. Ne5 {[%emt 0:00:24]} O-O {[%emt 0:01:13]} 11. Ngf3 {[%emt 0:00:21]} Nbd7 {[%emt 0:02:50]} 12. Bd2 $146 {[%emt 0:06:43]} ({Predecessor:} 12. O-O c5 13. c3 cxd4 14. cxd4 b6 15. Bf4 Nd5 16. Bg3 N7f6 17. Nc6 {1-0 (65) Nopin,V (2375)-Justesen,A (2183) ICCF email 2009}) 12... c5 {[%emt 0:07:10]} 13. c3 {[%emt 0:01:24]} b6 {[%emt 0:02:54]} 14. Nxd7 {[%emt 0:03:43]} Bxd7 {[%emt 0:00:31]} 15. Ne5 {[%emt 0:03:41]} Qe7 {[%emt 0:06:32]} 16. a3 {[%emt 0:04:35]} Rfd8 {[%emt 0:04:40]} 17. g4 {[%emt 0:04:32]} cxd4 {[%emt 0:02:28]} 18. cxd4 {[%emt 0:00:10]} Bxe5 {[%emt 0:04:10]} 19. dxe5 {[%emt 0:00:14]} Nd5 {[%emt 0:00:04]} 20. Qe4 {[%emt 0:01:16]} g6 {[%emt 0:00:34]} 21. h4 {[%emt 0:08:44]} Bc6 {[%emt 0:04:16]} 22. Rh3 {[%emt 0:00:39]} a5 {[%emt 0:25:06]} 23. Qe2 {[%emt 0:01:43]} Qf8 {[%emt 0:00:52]} 24. Rc1 {[%emt 0:04:32]} Bb7 {[%emt 0:00:43]} 25. f4 {[%emt 0:04:17]} Rac8 {[%emt 0:05:39]} 26. Rxc8 {[%emt 0:00:38]} Rxc8 {[%emt 0:01:00] [#]} 27. h5 $16 {[%emt 0:06:51]} Qc5 28. hxg6 {[%emt 0:10:11]} Qg1+ {[%emt 0:03:48]} 29. Qf1 {[%emt 0:00:06]} Qxg4 {[%emt 0:00:44]} 30. gxf7+ {[%emt 0:00:10]} Kxf7 {[%emt 0:00:24]} 31. f5 {[%emt 0:00:16]} Rg8 {[%emt 0:07:25]} 32. fxe6+ Kxe6 {[%emt 0:00:02]} 33. Rxh6+ {[%emt 0:01:04]} Kxe5 {[%emt 0:00:06]} 34. Bc3+ {[%emt 0:00:12]} Nxc3 {[%emt 0:00:38]} 35. Qf6+ {[%emt 0:00:06]} 1-0

[Event "WYCC 2018 O14"]
[Site "Halkidiki"]
[Date "2018.10.24"]
[Round "6"]
[White "Fecker, Noah"]
[Black "Suleymanli, Aydin"]
[Result "1/2-1/2"]
[WhiteElo "2184"]
[BlackElo "2313"]
[Annotator "NA"]
[PlyCount "75"]
[EventDate "2018.10.20"]
[EventType "swiss"]
[EventCountry "GRE"]
[SourceTitle "playchess.com"]
[Source "ChessBase"]
[SourceQuality "1"]
[TimeControl "40/5400+30:1800+30"]

1. e4 {[%emt 0:00:00]} c6 {[%emt 0:00:00]} 2. d4 {[%emt 0:00:00]} d5 {[%emt 0:00:00]} 3. Nc3 {[%emt 0:00:00]} dxe4 {[%emt 0:00:00]} 4. Nxe4 {[%emt 0:00:00]} Nd7 {[%emt 0:00:00]} 5. Ng5 {[%emt 0:00:56]} Ngf6 {[%emt 0:00:00]} 6. Bd3 {[%emt 0:00:16]} e6 {[%emt 0:00:03]} 7. N1f3 {[%emt 0:00:53]} Bd6 {[%emt 0:00:10]} 8. Qe2 {[%emt 0:00:12]} h6 {[%emt 0:01:00]} 9. Ne4 {[%emt 0:00:05]} Nxe4 {[%emt 0:00:03]} 10. Qxe4 {[%emt 0:00:06]} Qc7 {[%emt 0:00:07]} 11. O-O {[%emt 0:02:37]} b6 {[%emt 0:00:37]} 12. Qg4 {[%emt 0:00:40] B17: Caro-Kann: Modern Line (4...Nd7)} Kf8 {[%emt 0:00:07]} 13. Bd2 {[%emt 0:01:17]} (13. Re1 c5 14. Qh4 Bb7 15. Be4 Be7 16. Qh3 Bxe4 17. Rxe4 Rd8 18. c3 Qb7 19. Re2 Kg8 {½-½ (75) Duda,J (2707)-Ivanchuk,V (2728) Tbilisi 2017}) 13... Bb7 {[%emt 0:01:54] LiveBook: 8 Games} 14. b4 {[%emt 0:04:38]} Rc8 $146 {[%emt 0:10:00]} ({Predecessor:} 14... Nf6 15. Qh4 Nd5 16. Rab1 Nf4 17. Bc4 Kg8 18. Rfe1 Rd8 19. Bxf4 Bxf4 {½-½ (55) Milliet,S (2387)-Godard,M (2363) Belfort 2012}) 15. Rab1 {[%emt 0:14:46]} Ba8 {[%emt 0:16:51]} 16. Rfe1 {[%emt 0:17:14]} c5 {[%emt 0:21:53]} 17. dxc5 {[%emt 0:17:30]} bxc5 {[%emt 0:00:37]} 18. bxc5 {[%emt 0:05:01]} Nxc5 {[%emt 0:00:36]} 19. Nd4 {[%emt 0:01:28]} Be7 {[%emt 0:13:04]} 20. Bf4 {[%emt 0:09:06]} Qd8 {[%emt 0:01:46]} 21. Be5 {[%emt 0:03:15]} Bf6 {[%emt 0:00:11]} 22. Nf3 {[%emt 0:01:51]} Nxd3 {[%emt 0:07:33]} 23. cxd3 {[%emt 0:03:48]} g6 {[%emt 0:02:37]} 24. Bxf6 {[%emt 0:03:49]} Qxf6 {[%emt 0:00:06]} 25. Ne5 {[%emt 0:00:08]} Kg7 {[%emt 0:07:40]} 26. Nd7 {[%emt 0:03:00]} Qc3 {[%emt 0:05:54]} 27. Qf4 {[%emt 0:02:16]} g5 $11 {[%emt 0:02:08]} 28. Qe3 {[%emt 0:00:40]} Rhd8 {[%emt 0:05:25]} 29. Rec1 {[%emt 0:01:11]} Qa5 {[%emt 0:02:57]} 30. Rxc8 {[%emt 0:01:05]} Rxc8 {[%emt 0:00:28]} 31. Qd4+ {[%emt 0:00:46]} e5 {[%emt 0:00:58]} 32. Nxe5 {[%emt 0:02:23]} Qd5 {[%emt 0:00:12]} 33. Nc6+ {[%emt 0:03:47]} Qxd4 {[%emt 0:00:59]} 34. Nxd4 {[%emt 0:00:03]} Rc3 {[%emt 0:00:31]} 35. Rd1 {[%emt 0:00:58]} Ra3 {[%emt 0:00:29]} 36. Rd2 {[%emt 0:01:11]} a6 {[%emt 0:00:29]} 37. f3 {[%emt 0:00:41]} Bd5 {[%emt 0:00:10]} 38. Nb3 {[%emt 0:00:07]} 1/2-1/2

[Event "WYCC 2018 O14"]
[Site "Halkidiki"]
[Date "2018.10.24"]
[Round "6"]
[White "Vitenberg, Noam Aviv"]
[Black "Popov, Konstantin"]
[Result "1-0"]
[WhiteElo "2175"]
[BlackElo "2304"]
[Annotator "NA"]
[PlyCount "133"]
[EventDate "2018.10.20"]
[EventType "swiss"]
[EventCountry "GRE"]
[SourceTitle "playchess.com"]
[Source "ChessBase"]
[SourceQuality "1"]
[TimeControl "40/5400+30:1800+30"]

1. Nf3 {[%emt 0:00:00]} Nf6 {[%emt 0:00:00]} 2. c4 {[%emt 0:00:00]} g6 {[%emt 0:00:09]} 3. Nc3 {[%emt 0:00:00]} d5 {[%emt 0:01:19]} 4. cxd5 {[%emt 0:00:00]} Nxd5 {[%emt 0:00:05]} 5. e4 {[%emt 0:00:00]} Nxc3 {[%emt 0:00:48]} 6. dxc3 {[%emt 0:00:00]} Qxd1+ {[%emt 0:00:10]} 7. Kxd1 {[%emt 0:00:00]} Nd7 {[%emt 0:00:42]} 8. Bf4 {[%emt 0:02:27]} c6 {[%emt 0:00:30]} 9. Kc2 {[%emt 0:00:21]} f6 {[%emt 0:01:50] LiveBook: 34 Games A16: English Opening: 1...Nf6 with ...d5} (9... Nc5 10. Nd2 Bg7 11. Be3 Na4 12. Bc4 Nb6 13. Bb3 Nd7 14. a4 O-O 15. h4 h5 16. a5 Ne5 17. f3 {½-½ (48) So,W (2812)-Mamedyarov,S (2800) Paris 2017}) 10. e5 {[%emt 0:29:43]} g5 {[%emt 0:04:43]} 11. Bg3 {[%emt 0:02:04]} g4 {[%emt 0:01:18]} 12. Nd2 {[%emt 0:02:40]} Nxe5 {[%emt 0:03:18]} 13. Bxe5 {[%emt 0:00:40]} fxe5 {[%emt 0:00:09]} 14. Re1 $146 {[%emt 0:00:55]} ({Predecessor:} 14. Bd3 Be6 15. Rhe1 Bg7 16. Re2 O-O-O 17. Ne4 {½-½ (34) Dudukin,I (2333)-Yandemirov,V (2469) Samara 2003}) 14... Bg7 {[%emt 0:00:13]} 15. Bd3 {[%emt 0:02:12]} Be6 {[%emt 0:07:05]} 16. f4 {[%emt 0:21:30]} O-O {[%emt 0:06:01]} 17. Rhf1 {[%emt 0:08:57]} Bd5 {[%emt 0:09:52]} ({And not} 17... Bxa2 18. b3 $16) 18. g3 {[%emt 0:08:18]} Rae8 {[%emt 0:14:39]} 19. c4 {[%emt 0:04:01]} Bg2 {[%emt 0:10:09]} 20. Rf2 {[%emt 0:03:57]} Bh3 {[%emt 0:00:05]} 21. f5 {[%emt 0:01:24]} e6 {[%emt 0:01:20]} 22. Ne4 {[%emt 0:01:19]} Rxf5 {[%emt 0:26:41]} 23. Rxf5 {[%emt 0:01:17]} exf5 {[%emt 0:00:06]} 24. Nd6 {[%emt 0:00:14]} Re6 {[%emt 0:00:33]} 25. c5 {[%emt 0:06:04]} Bg2 {[%emt 0:02:39]} 26. Bxf5 {[%emt 0:00:40]} Rh6 {[%emt 0:01:10]} 27. Bxg4 {[%emt 0:00:17]} Bd5 {[%emt 0:00:19]} 28. h3 {[%emt 0:00:50]} b6 {[%emt 0:03:45]} 29. Nf5 {[%emt 0:00:15]} Rf6 {[%emt 0:00:35]} 30. cxb6 {[%emt 0:00:28]} axb6 {[%emt 0:00:07]} 31. Rxe5 {[%emt 0:02:02]} Bf8 {[%emt 0:04:14]} 32. b3 {[%emt 0:01:27]} h5 {[%emt 0:00:36]} 33. Be2 {[%emt 0:01:27]} Bg2 {[%emt 0:00:40]} 34. Bc4+ {[%emt 0:00:48]} Kh7 {[%emt 0:00:30]} 35. Ne3 {[%emt 0:00:21]} Bf3 {[%emt 0:00:18]} 36. Bd3+ {[%emt 0:00:28]} Kg8 {[%emt 0:00:34]} 37. Rg5+ {[%emt 0:00:32]} Kf7 {[%emt 0:00:12]} 38. Bc4+ {[%emt 0:00:40]} Ke8 {[%emt 0:00:08]} 39. Re5+ {[%emt 0:00:33]} Kd7 {[%emt 0:00:13]} 40. Bd3 {[%emt 0:00:00]} Bd6 {[%emt 0:00:00]} 41. Rg5 {[%emt 0:02:53]} Bc5 {[%emt 0:03:11]} 42. Nf5 {[%emt 0:08:49]} Bf2 {[%emt 0:07:02]} 43. Rg7+ {[%emt 0:05:06]} Kd8 {[%emt 0:00:22]} 44. g4 {[%emt 0:01:14]} Re6 {[%emt 0:03:23]} 45. Rg8+ {[%emt 0:01:29]} Re8 {[%emt 0:01:12]} 46. Rxe8+ {[%emt 0:01:18]} Kxe8 {[%emt 0:00:01]} 47. Ng7+ {[%emt 0:02:58]} Kf7 {[%emt 0:00:08]} 48. Nxh5 {[%emt 0:00:08]} Be3 {[%emt 0:00:22]} 49. Ng3 {[%emt 0:00:20]} Bg2 {[%emt 0:00:21]} 50. Bf1 {[%emt 0:03:30]} Bf3 {[%emt 0:00:12]} 51. Nf5 {[%emt 0:00:31]} Bf4 {[%emt 0:00:41]} 52. Kd3 {[%emt 0:00:48]} Kf6 {[%emt 0:01:16]} 53. Be2 {[%emt 0:00:42]} Bd5 {[%emt 0:00:34]} 54. Ne3 {[%emt 0:00:30]} Bf7 {[%emt 0:00:36]} 55. Bf3 {[%emt 0:00:14]} Be8 {[%emt 0:00:27]} 56. Be4 {[%emt 0:01:48]} Kg5 {[%emt 0:00:37]} 57. Ng2 {[%emt 0:00:27]} Be5 {[%emt 0:00:35]} 58. Ke3 {[%emt 0:00:25]} c5 {[%emt 0:00:22]} 59. Kf3 {[%emt 0:00:10]} b5 {[%emt 0:00:08]} 60. h4+ {[%emt 0:00:17]} Kh6 {[%emt 0:00:07]} 61. Ne3 {[%emt 0:00:23]} Bd7 $18 {[%emt 0:01:14]} (61... Kg7 {war nötig.} 62. Nf5+ Kf8) 62. Nd5 {[%emt 0:03:07]} c4 {[%emt 0:00:56]} 63. g5+ {[%emt 0:00:30]} Kg7 {[%emt 0:02:54]} 64. h5 {[%emt 0:00:10]} c3 {[%emt 0:00:34]} 65. h6+ {[%emt 0:00:15]} Kh8 {[%emt 0:02:13]} 66. g6 {[%emt 0:00:16]} Bc6 {[%emt 0:00:22]} 67. g7+ {[%emt 0:00:18]} 1-0